Jurons du capitaine Haddock qui commencent par "Bougre" ou pas ? - Statistiques

Statistiques générales
  • Ce quiz a été pris 17 fois
  • Le résultat moyen est 8 sur 23
Answers on the Grid
Answers color-coded by a green-red scale on the quiz's grid according to % correct below.
Bougre de faux jeton à la sauce tartare
Bougre d'extrait d'hydrocarbure
Bougre d'extrait de crétin des Alpes
Bougre de crème d'emplâtre à la graisse de hérisson
Bougre de bulldozer à réaction
Bougre d'ectoplasme à roulettes
Bougres de zouaves d'anthropopithèques
Bougre de Canaque de tonnerre de Brest
Bougre de chouette mal empaillée
Bougre d'ectoplasme de moule à gaufres
Bougre d'extrait de cornichon
Bougre de cyrano à 4 pattes
Bougre d'amiral de bateau-lavoir
Bougre de jet d'eau ambulant
Bougre de loup-garou à la graisse de renoncule de mille sabords
Bougre de marchand de guano
Bougre de méchant Blanc
Bougre de mouchard
Bougre d'olibrius
Bougre d'ostrogoth
Bougre de papou des Carpathes
Bougre de petit cornichon
Bougre de zouave
Bougre de phénomène de tonnerre de Brest
Bougre de phénomène de moule à gaufres de tonnerre de Brest
Bougre de sauvage de tonnerre de Brest
Bougre de sauvage d'aérolithe de tonnerre de Brest
 
Statistiques - réponses
Réponse % Correct
Bougre d'ectoplasme à roulettes
67%
Bougre d'ectoplasme de moule à gaufres
67%
Bougre d'extrait de crétin des Alpes
67%
Bougre d'olibrius
58%
Bougres de zouaves d'anthropopithèques
58%
Bougre de zouave
50%
Bougre de sauvage de tonnerre de Brest
42%
Bougre d'extrait de cornichon
42%
Bougre d'amiral de bateau-lavoir
33%
Bougre de Canaque de tonnerre de Brest
33%
Bougre de jet d'eau ambulant
33%
Bougre de marchand de guano
33%
Bougre de phénomène de moule à gaufres de tonnerre de Brest
33%
Bougre de phénomène de tonnerre de Brest
33%
Bougre d'extrait d'hydrocarbure
33%
Bougre d'ostrogoth
33%
Bougre de crème d'emplâtre à la graisse de hérisson
25%
Bougre de papou des Carpathes
25%
Bougre de petit cornichon
25%
Bougre de sauvage d'aérolithe de tonnerre de Brest
25%
Bougre de faux jeton à la sauce tartare
17%
Bougre de mouchard
8%
Bougre de méchant Blanc
0%
Aucun quiz correspondant
Distribution des résultats
% des personnes avec chaque résultat
Percentile par nombre de réponses
Votre historique - résultats
Vous n’avez pas pris ce quiz